George Benson Charting Songs (Billboard Hot 100) - Statistics

General Stats
  • This quiz has been taken 5 times
  • The average score is 7 of 15
Answer Stats
Album Weeks On Peak Artist(s) Song % Correct
Give Me The Night 23 Weeks #4 George Benson Give Me The Night
100%
Breezin' 6 Weeks #63 George Benson Breezin'
80%
Give Me the Night 6 Weeks #61 George Benson Love X Love
80%
Livin' Inside Your Love 15 Weeks #18 George Benson Love Ballad
60%
20/20 13 Weeks #48 George Benson 20/20
40%
The Now Now 1 Week #85 Gorillaz ft. George Benson Humility
40%
In Your Eyes 10 Weeks #43 George Benson Inside Love (So Personal)
40%
In Your Eyes 13 Weeks #30 George Benson Lady Love Me (One More Time)
40%
The George Benson Collection 9 Weeks #52 George Benson Never Give Up on a Good Thing
40%
Weekend in L.A. 18 Weeks #7 George Benson On Broadway
40%
Muhammad Ali in The Greatest (Soundtrack) 14 Weeks #24 George Benson The Greatest Love of All
40%
Breezin' 19 Weeks #10 George Benson This Masquerade
40%
The George Benson Collection 22 Weeks #5 George Benson Turn Your Love Around
40%
In Flight 5 Weeks #71 George Benson Gonna Love You More
20%
Love All the Hurt Away / The George Benson Collection 10 Weeks #46 Aretha Franklin and George Benson Love All the Hurt Away
20%
No matching quizzes found
Score Distribution
Percent of People with Each Score
Percentile by Number Answered
Your Score History
You have not taken this quiz